000 00650nam a2200229Ia 4500
003 OSt
005 20221005081537.0
006 a|||||r|||| 00| 0
007 ta
008 221004b |||||||| |||| 00| 0 eng d
024 _a65962
037 _cTextual
040 _aCRL
_cCRL
_beng
041 _2eng
_aeng
082 _aV27731:3(X:89x33).N9, N4
100 _aLal Chungnunga
_9611167
245 0 _aMizoram politics of regionalism and national integration
260 _aNew Delhi
_bRelioner
_c1994
650 _aHISTORY
942 _hV27731:3(X:89x33).N9, N4
_cTEXL
_2cc
999 _c987857
_d987857